Giúp trí nhớ chuỗi phản ứng hóa học

Tallennettuna:
Bibliografiset tiedot
Päätekijä: Ngô Ngọc An
Aineistotyyppi: Kirja
Kieli:Undetermined
Julkaistu: Hà Nội Giáo dục 2004
Aiheet:
Tagit: Lisää tagi
Ei tageja, Lisää ensimmäinen tagi!
Thư viện lưu trữ: Trung tâm Học liệu Trường Đại học Cần Thơ
LEADER 00525nam a2200193Ia 4500
001 CTU_90789
008 210402s9999 xx 000 0 und d
020 |c 10000 
082 |a 541.39 
082 |b A105 
100 |a Ngô Ngọc An 
245 0 |a Giúp trí nhớ chuỗi phản ứng hóa học 
245 0 |c Ngô Ngọc An 
260 |a Hà Nội 
260 |b Giáo dục 
260 |c 2004 
650 |a chemical reactions 
904 |i Trúc 
980 |a Trung tâm Học liệu Trường Đại học Cần Thơ